Cuentos con-ciencia /

Guardado en:
Autor Principal: Mitchell, Edward Page.
Otros Autores: Curtis, Wardon Allan., Chejov, Antón., Wells, Herbert George., Pizzi, Elsa; trad., Mezquito, Fabián.
Formato: Libro
Publicado: Buenos Aires : Letra Impresa, 112.
Series:La Puerta Secreta ; 31
Materias:
Etiquetas: Agregar Etiqueta
Sin Etiquetas, Sea el primero en etiquetar este registro!
LEADER 02187nam a22004095a 4500
001 CEM.cems019724
008 221012s2015####ag############000#0#####d
005 20221108093431.0
245 1 0 |a Cuentos con-ciencia /  |c Edward Page Mitchell, Wardon Allan Curtis y Antón Chéjov ; traducido por Elsa Pizzi ; ilustrado por Fabián Mezquito. 
260 |a Buenos Aires :  |b Letra Impresa,  |c 112. 
300 |a 96 p. 
490 0 |a La Puerta Secreta ;  |v 31 
505 0 |a La puerta secreta -- La llave maestra -- Cuentos con-ciencia -- El hombre más capáz del mundo / Wardon Allan Curtis -- El huevo de cristal / Herbert George Wells -- El monstruo del lago La Metrie / Wardon Allan Curtis -- La hija del Senador / Edward Page Mitchell -- Las islas voladoras / Antón Chéjov -- Los secretos de Cuentos con-ciencia -- Nuevas puertas para abrir 
020 |a 979871565689 
100 1 |a Mitchell, Edward Page. 
700 1 |a Curtis, Wardon Allan. 
700 1 |a Chejov, Antón. 
700 1 |a Wells, Herbert George. 
700 1 |a Pizzi, Elsa; trad. 
700 1 |a Mezquito, Fabián. 
082 0 4 |a 808.8 
653 |a Literatura infantil 
653 |a Literatura juvenil 
653 |a Literatura Universal 
653 |a Cuentos 
859 |a CEMS  |b BIB. CEMS - Inicial y Primaria  |h 808.8  |i W462  |k IP  |p 2437  |t Ej.1 
859 |a CEMS  |b BIB. CEMS - Inicial y Primaria  |h 808.8  |i W462  |k IP  |p 3806  |t Ej.2 
859 |a CEMS  |b BIB. CEMS - Inicial y Primaria  |h 808.8  |i W462  |k IP  |p 5431  |t Ej.3 
859 |a CEMS  |b BIB. CEMS - Inicial y Primaria  |h 808.8  |i W462  |k IP  |p 5432  |t Ej.4 
859 |a CEMS  |b BIB. CEMS - Inicial y Primaria  |h 808.8  |i W462  |k IP  |p 5433  |t Ej.5 
859 |a CEMS  |b BIB. CEMS - Inicial y Primaria  |h 808.8  |i W462  |k IP  |p 5434  |t Ej.6 
859 |a CEMS  |b BIB. CEMS - Inicial y Primaria  |h 808.8  |i W462  |k IP  |p 5435  |t Ej.7 
859 |a CEMS  |b BIB. CEMS - Inicial y Primaria  |h 808.8  |i W462  |k IP  |p 5436  |t Ej.8 
859 |a CEMS  |b BIB. CEMS - Inicial y Primaria  |h 808.8  |i W462  |k IP  |p 5437  |t Ej.9 
859 |a CEMS  |b BIB. CEMS - Inicial y Primaria  |h 808.8  |i W462  |k IP  |p 5438  |t Ej.10 
859 |a CEMS  |b BIB. CEMS - Inicial y Primaria  |h 808.8  |i W462  |k IP  |p 5430  |t Ej.11 
859 |a CEMS  |b BIB. CEMS - Inicial y Primaria  |h 808.8  |i W462  |k IP  |p 5429  |t Ej.12